000 00672 a2200181 4500
003 Nust
005 20170207153213.0
040 _cNust
082 _a621.382
100 _aAhmad, Waseem (MSEE-6)
245 _aSystem identification and equalization using neural networks
_cWaseem Ahmad
260 _bMCS, NUST
_c2002
_aRawalpindi
300 _a127,p.;
505 _aThesis outline (page-10) Channel impairments (page-15) Equalization (page-24) Adaptive equalization (page-48)Artifical neural networks (page-79) Equalization using neural networks (page-104) Results and discussion (page-116)
538 _aAlmirah No 69 Shelf No 1
650 _aPG Thesis
651 _xMSEE-6
942 _cTHS
999 _c181469
_d181469